000 00696nam a2200205Ia 4500
001 ist/34-2832 [d000002971]
003 IT-MiCISF
008 161014s9999||||xx |||||||||||||| ||und||
040 _aIT-MiCISF
_cIT-MiCISF
041 _ait
100 _aAA.VV.
245 0 _aMass media, letture e linguaggio. Anno 1995
_bIndagine multiscopo sulle famiglie "Tempo libero e cultura"
250 _a1a ed.
260 _a Roma
_bIstat
_c1997
300 _app. 448
500 _aIstituto Nazionale di Statistica - contiene floppy disk / statistica, televisione, informazione, tempo-libero, scuola, famiglia, massmedia / documento
650 _amass-media
942 _cBK
957 _71
999 _a2832
_bsi
_g1
_c208893
_d208893